| 000 | 00525nam a2200181Ia 4500 | ||
|---|---|---|---|
| 999 |
_c11056 _d11056 |
||
| 003 | OSt | ||
| 005 | 20191231124453.0 | ||
| 008 | 190216s9999||||xx |||||||||||||| ||und|| | ||
| 020 | _a9788121907934 | ||
| 040 | _coclc | ||
| 082 |
_a330.1 _bDEW/E |
||
| 100 |
_aDewett, Kewal Krishan _9524 |
||
| 245 | 0 |
_aElementary Economic Theory / _cK K Dewett ; J D Varma |
|
| 260 |
_bS Chand & Company, _aNew Delhi: _c2008. |
||
| 300 | _a552p | ||
| 650 | _aEconomics | ||
| 942 |
_cBK _2ddc _h330.1 _iDEW/E _k330.1 _mDEW/E |
||